[Event "MSR_ch16"]
[Site "?"]
[Date "2024.04.07"]
[Round "4.20"]
[White "Nedeljak, Marek"]
[Black "Kluska, Lukas"]
[Result "0-1"]
[BlackElo "1619"]
[WhiteElo "1505"]
[LiveChessVersion "1.4.8"]

1. d4 {[%clk 1:30:54]} d5 {[%clk 1:30:25]} 2. Nf3 {[%clk 1:31:17]} Nf6
{[%clk 1:28:56]} 3. c4 {[%clk 1:31:40]} e6 {[%clk 1:29:00]} 4. Nc3
{[%clk 1:30:54]} b6 {[%clk 1:26:23]} 5. Bg5 {[%clk 1:29:43]} Be7 {[%clk 1:24:45]}
6. e3 {[%clk 1:28:32]} Bb7 {[%clk 1:23:59]} 7. Be2 {[%clk 1:26:42]} O-O
{[%clk 1:23:51]} 8. O-O {[%clk 1:26:10]} Nbd7 {[%clk 1:22:58]} 9. a4
{[%clk 1:22:00]} h6 {[%clk 1:20:32]} 10. Bh4 {[%clk 1:21:59]} c5 {[%clk 1:19:29]}
11. cxd5 {[%clk 1:21:33]} Nxd5 {[%clk 1:18:30]} 12. Bxe7 {[%clk 1:21:14]} Qxe7
{[%clk 1:18:50]} 13. a5 {[%clk 1:20:48]} a6 {[%clk 1:16:56]} 14. axb6
{[%clk 1:19:54]} N7xb6 {[%clk 1:11:32]} 15. Nxd5 {[%clk 1:18:31]} Nxd5
{[%clk 1:11:12]} 16. Ra5 {[%clk 1:16:41]} cxd4 {[%clk 1:09:47]} 17. Qxd4
{[%clk 1:16:24]} Rfc8 {[%clk 1:05:32]} 18. Qd2 {[%clk 1:13:00]} Qc7
{[%clk 1:03:46]} 19. Raa1 {[%clk 1:12:35]} Qc2 {[%clk 1:03:09]} 20. Rfd1
{[%clk 1:11:34]} Nf6 {[%clk 0:59:45]} 21. Nd4 {[%clk 1:08:39]} Qg6
{[%clk 0:58:10]} 22. Bf3 {[%clk 1:08:43]} Bxf3 {[%clk 0:58:18]} 23. Nxf3
{[%clk 1:09:05]} Rc2 {[%clk 0:56:58]} 24. Qb4 {[%clk 1:08:53]} Nd5
{[%clk 0:54:35]} 25. Qb7 {[%clk 1:06:58]} Rac8 {[%clk 0:54:03]} 26. Qxa6
{[%clk 1:06:05]} Nxe3 {[%clk 0:53:30]} 27. g3 {[%clk 1:04:40]} Nxd1
{[%clk 0:51:15]} 28. Rxd1 {[%clk 1:04:43]} Qe4 {[%clk 0:49:33]} 29. Ne1
{[%clk 1:01:56]} Rc1 {[%clk 0:47:21]} 30. Kf1 {[%clk 1:00:49]} R8c2
{[%clk 0:36:04]} 31. Rd8+ {[%clk 1:00:55]} Kh7 {[%clk 0:36:20]} 32. Qd3
{[%clk 1:00:59]} Rxe1# {[%clk 0:36:35]} 0-1

[Event "MSR_ch16"]
[Site "?"]
[Date "2024.04.07"]
[Round "4.21"]
[White "Barta, Dominik"]
[Black "Vateha, Tobias"]
[Result "1-0"]
[BlackElo "1528"]
[WhiteElo "1577"]
[LiveChessVersion "1.4.8"]

1. e4 {[%clk 1:30:54]} e6 {[%clk 1:30:57]} 2. d4 {[%clk 1:31:09]} d5
{[%clk 1:31:22]} 3. exd5 {[%clk 1:30:43]} exd5 {[%clk 1:31:50]} 4. Bd3
{[%clk 1:31:10]} Nc6 {[%clk 1:32:15]} 5. c3 {[%clk 1:31:26]} Bd6 {[%clk 1:31:59]}
6. h3 {[%clk 1:31:17]} Be6 {[%clk 1:30:32]} 7. Ne2 {[%clk 1:31:08]} Qd7
{[%clk 1:30:16]} 8. Bf4 {[%clk 1:30:50]} Nf6 {[%clk 1:26:29]} 9. Qb3
{[%clk 1:27:28]} O-O-O {[%clk 1:23:24]} 10. Bxd6 {[%clk 1:27:07]} Qxd6
{[%clk 1:23:32]} 11. O-O {[%clk 1:27:04]} Rde8 {[%clk 1:22:04]} 12. Nd2
{[%clk 1:22:55]} Re7 {[%clk 1:18:12]} 13. a4 {[%clk 1:21:08]} Rhe8
{[%clk 1:05:49]} 14. Ng3 {[%clk 1:18:57]} g6 {[%clk 1:00:30]} 15. Rfc1
{[%clk 1:13:16]} Qf4 {[%clk 0:48:58]} 16. Qc2 {[%clk 1:09:54]} h5
{[%clk 0:48:09]} 17. a5 {[%clk 1:05:22]} h4 {[%clk 0:39:48]} 18. Ne2
{[%clk 1:05:19]} Qd6 {[%clk 0:40:09]} 19. Nf3 {[%clk 1:04:32]} Rh8
{[%clk 0:28:58]} 20. a6 {[%clk 1:04:13]} b6 {[%clk 0:29:20]} 21. b3
{[%clk 1:00:16]} Qd7 {[%clk 0:14:43]} 22. Nf4 {[%clk 0:57:51]} Qd6
{[%clk 0:14:38]} 23. Nxe6 {[%clk 0:52:52]} Rxe6 {[%clk 0:13:48]} 24. c4
{[%clk 0:50:28]} Nb4 {[%clk 0:11:18]} 25. Qc3 {[%clk 0:49:49]} Nxd3
{[%clk 0:11:11]} 26. Qxd3 {[%clk 0:50:18]} Qf4 {[%clk 0:08:55]} 27. c5
{[%clk 0:47:28]} Rc6 {[%clk 0:07:47]} 28. Qb5 {[%clk 0:47:36]} Re6
{[%clk 0:06:06]} 29. Ne5 {[%clk 0:45:15]} Rhe8 {[%clk 0:03:40]} 30. Re1
{[%clk 0:41:51]} R8e7 {[%clk 0:03:37]} 31. Rec1 {[%clk 0:39:10]} Qxd4
{[%clk 0:03:02]} 32. Nc6 {[%clk 0:39:08]} Qf4 {[%clk 0:01:57]} 33. Nxa7+
{[%clk 0:38:48]} 1-0

[Event "MSR_ch16"]
[Site "?"]
[Date "2024.04.07"]
[Round "4.23"]
[White "Tonhajzer, Matus"]
[Black "Bartos, Andrej"]
[Result "1-0"]
[BlackElo "1000"]
[WhiteElo "1549"]
[LiveChessVersion "1.4.8"]

1. d4 {[%clk 1:30:58]} Nf6 {[%clk 1:30:50]} 2. c4 {[%clk 1:31:16]} g6
{[%clk 1:30:53]} 3. Nf3 {[%clk 1:31:25]} Bg7 {[%clk 1:31:05]} 4. Nc3
{[%clk 1:31:26]} d6 {[%clk 1:31:19]} 5. e4 {[%clk 1:31:36]} Bg4 {[%clk 1:30:44]}
6. Be2 {[%clk 1:31:46]} Nbd7 {[%clk 1:30:33]} 7. h3 {[%clk 1:30:22]} Bxf3
{[%clk 1:30:51]} 8. Bxf3 {[%clk 1:30:34]} O-O {[%clk 1:30:46]} 9. O-O
{[%clk 1:30:54]} e5 {[%clk 1:27:24]} 10. d5 Nb6 11. Qb3 {[%clk 1:29:24]} c6
{[%clk 1:26:19]} 12. Be3 {[%clk 1:28:40]} cxd5 {[%clk 1:24:40]} 13. cxd5
{[%clk 1:28:00]} Nfd7 {[%clk 1:24:12]} 14. Rac1 {[%clk 1:25:14]} a6
{[%clk 1:22:46]} 15. a4 {[%clk 1:23:40]} Rc8 {[%clk 1:20:28]} 16. Be2
{[%clk 1:23:04]} Qc7 {[%clk 1:20:27]} 17. Na2 {[%clk 1:07:55]} Nc5
{[%clk 1:18:07]} 18. Bxc5 {[%clk 1:07:13]} dxc5 {[%clk 1:18:22]} 19. a5
{[%clk 1:06:00]} Nd7 {[%clk 1:18:02]} 20. Qa4 {[%clk 0:57:37]} f5
{[%clk 1:08:59]} 21. d6 {[%clk 0:49:18]} Qc6 22. Qc4+ Kh8 {[%clk 1:07:59]} 23.
exf5 {[%clk 0:48:56]} Rxf5 {[%clk 1:07:35]} 24. Bf3 {[%clk 0:47:25]} Qxd6
{[%clk 1:00:19]} 25. Rcd1 {[%clk 0:47:37]} Qe7 {[%clk 0:58:44]} 26. Bg4
{[%clk 0:47:36]} Rf4 {[%clk 0:57:10]} 27. Qc2 {[%clk 0:45:22]} Rd4
{[%clk 0:56:06]} 28. Rfe1 {[%clk 0:45:09]} Rd8 {[%clk 0:54:39]} 29. Rxd4
{[%clk 0:44:56]} cxd4 {[%clk 0:54:15]} 30. Qc7 {[%clk 0:45:00]} h5
{[%clk 0:51:38]} 31. Be6 {[%clk 0:39:40]} Bf6 {[%clk 0:48:27]} 32. Bc4
{[%clk 0:36:37]} Nc5 {[%clk 0:44:45]} 33. Qb6 {[%clk 0:35:18]} d3
{[%clk 0:38:53]} 34. Nc3 {[%clk 0:34:04]} e4 {[%clk 0:37:02]} 35. Kh1
{[%clk 0:30:47]} d2 {[%clk 0:32:48]} 36. Rd1 {[%clk 0:30:54]} Bxc3
{[%clk 0:22:23]} 37. bxc3 {[%clk 0:30:13]} Rd7 {[%clk 0:21:40]} 38. Qxg6
{[%clk 0:29:35]} Qh7 {[%clk 0:20:20]} 39. Qe8+ {[%clk 0:28:27]} Kg7
{[%clk 0:19:47]} 40. Qe5+ {[%clk 0:27:27]} Kh6 {[%clk 0:17:13]} 41. Qxc5
{[%clk 0:25:25]} Qg6 {[%clk 0:16:22]} 42. Qf8+ {[%clk 0:23:59]} Kh7
{[%clk 0:11:17]} 43. Qf4 Qg7 44. Qf5+ {[%clk 0:22:52]} Kh6 {[%clk 0:11:16]} 45.
Qxe4 Re7 {[%clk 0:09:50]} 46. Qf4+ {[%clk 0:20:30]} Qg5 {[%clk 0:09:12]} 47.
Qxg5+ {[%clk 0:20:21]} Kxg5 {[%clk 0:09:33]} 48. Rxd2 {[%clk 0:20:33]} Rc7 49.
Rd4 {[%clk 0:18:15]} Rc5 {[%clk 0:07:12]} 50. Rd5+ {[%clk 0:18:47]} Rxd5 51. Bxd5
1-0

[Event "MSR_ch16"]
[Site "?"]
[Date "2024.04.07"]
[Round "4.24"]
[White "Roman, Dominik"]
[Black "Rerko, Milos"]
[Result "1-0"]
[BlackElo "1543"]
[WhiteElo "1000"]
[LiveChessVersion "1.4.8"]

1. d4 {[%clk 1:30:58]} f5 {[%clk 1:30:35]} 2. Nf3 {[%clk 1:31:04]} e6
{[%clk 1:30:47]} 3. g3 {[%clk 1:31:18]} Nf6 {[%clk 1:30:52]} 4. Bg2
{[%clk 1:31:16]} Be7 {[%clk 1:30:48]} 5. O-O {[%clk 1:31:39]} O-O
{[%clk 1:30:50]} 6. b3 {[%clk 1:31:00]} d5 {[%clk 1:30:18]} 7. Bb2
{[%clk 1:31:21]} Nbd7 {[%clk 1:29:58]} 8. Nbd2 {[%clk 1:31:29]} b6
{[%clk 1:28:57]} 9. e3 {[%clk 1:31:38]} Bb7 {[%clk 1:29:07]} 10. Qe2
{[%clk 1:31:45]} c5 {[%clk 1:26:22]} 11. c4 {[%clk 1:31:50]} Qc7 {[%clk 1:24:35]}
12. Rac1 {[%clk 1:31:35]} g6 {[%clk 1:23:12]} 13. Ng5 {[%clk 1:31:20]} Qd6
{[%clk 1:20:42]} 14. Rfd1 {[%clk 1:29:26]} e5 {[%clk 1:18:12]} 15. dxe5
{[%clk 1:26:31]} Nxe5 {[%clk 1:17:52]} 16. e4 {[%clk 1:24:09]} dxe4
{[%clk 1:15:56]} 17. Ndxe4 {[%clk 1:22:09]} Qc7 {[%clk 1:12:37]} 18. Ne6
{[%clk 1:21:31]} Qb8 {[%clk 1:09:29]} 1-0

[Event "MSR_ch16"]
[Site "?"]
[Date "2024.04.07"]
[Round "4.25"]
[White "Lehocky, Tomas"]
[Black "Horvath, Simon"]
[Result "1/2-1/2"]
[BlackElo "1549"]
[WhiteElo "1000"]
[LiveChessVersion "1.4.8"]

1. e4 {[%clk 1:30:57]} e5 {[%clk 1:30:53]} 2. Nf3 {[%clk 1:31:16]} Nc6
{[%clk 1:31:02]} 3. Nc3 {[%clk 1:31:25]} Nf6 {[%clk 1:30:46]} 4. Bc4
{[%clk 1:31:20]} h6 {[%clk 1:30:07]} 5. d3 {[%clk 1:30:36]} Bb4 {[%clk 1:29:19]}
6. Bd2 {[%clk 1:29:57]} d6 {[%clk 1:28:03]} 7. O-O {[%clk 1:29:52]} Bg4
{[%clk 1:26:59]} 8. h3 {[%clk 1:30:07]} Bh5 {[%clk 1:27:01]} 9. g4
{[%clk 1:28:46]} Bg6 {[%clk 1:27:11]} 10. Nh4 {[%clk 1:28:49]} Bh7
{[%clk 1:25:32]} 11. Nf5 {[%clk 1:26:19]} O-O {[%clk 1:24:23]} 12. Nd5
{[%clk 1:26:28]} Bxd2 {[%clk 1:20:38]} 13. Qxd2 {[%clk 1:26:42]} Bxf5
{[%clk 1:19:19]} 14. exf5 {[%clk 1:26:32]} Nd4 {[%clk 1:18:26]} 15. Qd1
{[%clk 1:25:23]} c6 {[%clk 1:16:43]} 16. Nxf6+ {[%clk 1:24:32]} Qxf6
{[%clk 1:16:45]} 17. c3 {[%clk 1:24:35]} Nb5 {[%clk 1:15:42]} 18. Bxb5
{[%clk 1:23:10]} cxb5 {[%clk 1:15:59]} 19. d4 {[%clk 1:23:03]} Rfd8
{[%clk 1:14:16]} 20. Qd3 {[%clk 1:21:43]} a6 {[%clk 1:11:37]} 21. b4
{[%clk 1:20:58]} Rac8 {[%clk 1:10:44]} 22. Rac1 {[%clk 1:20:04]} Rc4
{[%clk 1:06:57]} 23. Rfd1 {[%clk 1:18:55]} Rdc8 {[%clk 1:05:10]} 24. dxe5
{[%clk 1:17:38]} dxe5 {[%clk 1:04:25]} 25. Rc2 {[%clk 1:16:30]} b6
{[%clk 0:58:55]} 26. Rdc1 {[%clk 1:16:35]} a5 {[%clk 0:57:25]} 27. a3
{[%clk 1:16:54]} e4 {[%clk 0:55:56]} 28. Qe3 {[%clk 1:16:11]} Rd8
{[%clk 0:55:14]} 29. Rd2 {[%clk 1:14:51]} 1/2-1/2